Values resource guide ; annotated for the elementary school teacher.

Bibliographic Details
Main Author: Hunt, Mate Graye
Corporate Author: American Association of Colleges for Teacher Education. Teacher Education and Religion Project Committee
Format: Book
Language:English
Published: Oneonta, N.Y. : American Association of Colleges for Teacher Education, [1958]
Edition:[1st ed.].
Subjects:

MARC

Tag First Indicator Second Indicator Subfields
LEADER 00000cam a2200000 4500
001 in00000080632
005 20151008052951.0
008 730316s1958 nyu 00000 eng u
010 |a  58011944  
035 |a (OCoLC)00582106 
035 |9 AAH5657AM 
040 |c WSU  |d TXA  |d UtOrBLW 
049 |a TXAM  |c [316432] 
050 0 |a Z5814.M7  |b H8 
090 |a LC268  |b .H85 1958 
092 |a 377.2  |b A1H942v, 1958 
100 1 |a Hunt, Mate Graye. 
245 1 0 |a Values resource guide ;  |b annotated for the elementary school teacher. 
250 |a [1st ed.]. 
264 1 |a Oneonta, N.Y. :  |b American Association of Colleges for Teacher Education,  |c [1958] 
300 |a 108 pages 
336 |a text  |b txt  |2 rdacontent 
337 |a unmediated  |b n  |2 rdamedia 
338 |a volume  |b nc  |2 rdacarrier 
650 0 |a Moral education  |x Bibliography. 
650 0 |a Moral education  |x Audio-visual aids. 
710 2 |a American Association of Colleges for Teacher Education.  |b Teacher Education and Religion Project Committee. 
999 |a MARS 
999 f f |s d0b5b4b0-a184-30f2-a9d1-d9624badab95  |i 0b0ae80a-8d62-3871-9277-ccf665ccb1d1  |t 0 
952 f f |p normal  |a Texas A&M University  |b College Station  |c Sterling C. Evans Library  |d Evans: Library Stacks  |t 0  |e LC268 .H85 1958  |h Library of Congress classification  |i unmediated -- volume  |m A14800859731 
998 f f |a LC268 .H85 1958  |t 0  |l Evans: Library Stacks